000 00272nam a2200109Ia 4500
008 220204s9999 xx 000 0 und d
082 _a327(540)(47)
_bJAG
100 _aJagjit singh Anand
245 0 _aIndo-Soviet relations
260 _aDelhi
_bSterling
_c1979
942 _cBK
999 _c32192
_d32192